Alle Saarlandpokalsieger ab 74/75 - Statistiken

Allgemein
  • Dieses Quiz wurde 26 mal gespielt
  • Das Durchschnittsergebnis liegt bei 26 aus 51
Antwortstatistiken
Saison Pokalsieger % Korrekt
2023/2024 1.FC Saarbrücken
100%
2024/2025 FC 08 Homburg
95%
2018/2019 1.FC Saarbrücken
90%
2022/2023 SV 07 Elversberg
90%
2021/2022 SV 07 Elversberg
90%
2020/2021 SV 07 Elversberg
90%
2016/2017 1.FC Saarbrücken
85%
2012/2013 1.FC Saarbrücken
85%
2010/2011 1.FC Saarbrücken
85%
2015/2016 FC 08 Homburg
85%
2019/2020 SV 07 Elversberg
85%
2017/2018 SV 07 Elversberg
85%
2011/2012 1.FC Saarbrücken
80%
2013/2014 FC 08 Homburg
80%
2007/2008 FC 08 Homburg
80%
2014/2015 SV 07 Elversberg
80%
2009/2010 SV 07 Elversberg
80%
2008/2009 SV 07 Elversberg
80%
2003/2004 1.FC Saarbrücken
70%
2001/2002 1.FC Saarbrücken
70%
1999/2000 1.FC Saarbrücken
65%
1997/1998 1.FC Saarbrücken
65%
2005/2006 FC 08 Homburg
65%
1998/1999 1.FC Saarbrücken
60%
1996/1997 1.FC Saarbrücken
60%
2000/2001 FC 08 Homburg
55%
2002/2003 Borussia Neunkirchen
45%
1995/1996 Borussia Neunkirchen
45%
1991/1992 Borussia Neunkirchen
40%
1989/1990 Borussia Neunkirchen
40%
1985/1986 Borussia Neunkirchen
40%
1984/1985 Borussia Neunkirchen
35%
1977/1978 Borussia Neunkirchen
35%
1982/1983 FC 08 Homburg
35%
2004/2005 FC Kutzhof
25%
1994/1995 SG Mettlach/Merzig
20%
2006/2007 SV Rot-Weiß Hasborn
20%
1988/1989 SV Saar 05 Saarbrücken
20%
1987/1988 SV Saar 05 Saarbrücken
20%
1992/1993 SG Mettlach/Merzig
15%
1983/1984 SG Mettlach/Merzig
15%
1978/1979 SV Auersmacher
15%
1990/1991 SV Rot-Weiß Hasborn
15%
1980/1981 ASC Dudweiler
10%
1979/1980 ASC Dudweiler
10%
1976/1977 FC Blau-Weiß St. Wendel
10%
1981/1982 FC Ensdorf
10%
1986/1987 FC Viktoria St. Ingbert 09
10%
1974/1975 SC Friedrichsthal
10%
1993/1994 SC Großrosseln
10%
1975/1976 VfB Theley
10%
Keine übereinstimmenden Quizze gefunden
Verteilung der Resultate
Anzahl Personen mit jedem Resultat
Perzentil nach korrekt beantworteten Fragen
Ihre Resultats-Entwicklung
Sie haben dieses Quiz noch nicht gespielt